00399 2200157 4500001002100000008004100021035002000062245004400082100001800126250000600144260004300150084001400193082000800207650001400215990001200229INLIS000000000001574 ind  a0010-0125000072 aTeknologi PengajarancDrs. Nana Sudjana aSudjana, Nana a1 aJakarta :bSinar Baru Algansindoc2007 a370 NAN t a370 aNon Fiksi a0714424